The law affecting rent review determinations (Record no. 121308)
[ view plain ]
| 000 -LEADER | |
|---|---|
| fixed length control field | 01489nam a22001937a 4500 |
| 008 - FIXED-LENGTH DATA ELEMENTS--GENERAL INFORMATION | |
| fixed length control field | 230110b2019 at ||||| |||| 00| 0 eng d |
| 020 ## - INTERNATIONAL STANDARD BOOK NUMBER | |
| ISBN | 9781760022297 |
| 041 ## - LANGUAGE CODE | |
| Language code of text/sound track or separate title | eng |
| 245 ## - TITLE STATEMENT | |
| Title | The law affecting rent review determinations |
| 250 ## - EDITION | |
| Edition statement | 3rd |
| 260 ## - PUBLICATION INFORMATION | |
| Place of publication | Alexandria, NSW, Australia, |
| Publisher | The Federation Press, |
| Date | 2019 |
| 300 ## - PHYSICAL DESCRIPTION | |
| Physical description | xx; 363p |
| 500 ## - GENERAL NOTE | |
| General note | Donated by the author |
| 520 ## - ABSTRACT | |
| Abstract | Topics covered: advantages of expert determinations; construction of lease clauses and meaning of terms used; effect of exclusion of ratchet provisions; mistake in departing from instructions; whether determination made in accordance with the contract; error in interpretation of lease; whether mistake in accord with legislation; independence of the valuer; bias by the valuer; difference between valuation and arbitration; whether determination final and binding; provision of information by parties; duty to accord procedural fairness; concise explanation of general law of construction of leases; error in valuer giving reasons; future work by lessee; whether assessment of rent by parties reasonable; whether time of essence; failure to give detailed reasons; sufficient notice; interpretation of provisions lease; application of profits method of valuation to rent review of hotels; interference with valuer’s discretion; jurisdiction of the Western Australian Tribunal. |
| 650 ## - KEYWORDS | |
| Keywords | RENT REVIEWS |
| 651 ## - SUBJECT ADDED ENTRY--GEOGRAPHIC NAME | |
| Geographic name | Australia |
| 690 ## - BROAD SUBJECT | |
| 9 (RLIN) | 6252 |
| Broad subject | Landlord and tenant |
| 942 ## - ADDED ENTRY ELEMENTS (KOHA) | |
| Suppress in OPAC | Do not suppress in OPAC |
| Lost status | Damaged status | Not for loan | Home library | Current library | Shelving location | Date acquired | Total Checkouts | Full call number | Date last seen | Price effective from | Koha item type |
|---|---|---|---|---|---|---|---|---|---|---|---|
| London | London | Books | 10/01/2023 | 346.940434 | 10/01/2023 | 10/01/2023 | Book |